Name a Valid Island Country A-Z - Statistics

General Stats
  • This quiz has been taken 1,551 times
  • The average score is 17 of 18
Answer Stats
Letter # of Countries Answer % Correct
B 4 Bahamas / Bahrain / Barbados / Brunei
98%
C 4 Cape Verde / Comoros / Cuba / Cyprus
98%
J 2 Jamaica / Japan
98%
M 6 Madagascar / Maldives / Malta / Marshall Islands / Mauritius / Micronesia
98%
S 9 Saint Kitts and Nevis / Saint Lucia / Saint Vincent and the Grenadines / Samoa / Sao Tome and Principe / Seychelles / Singapore / Solomon Islands / Sri Lanka
98%
T 4 Taiwan / Tonga / Trinidad and Tobago / Tuvalu
98%
P 3 Palau / Papua New Guinea / Phillippines
97%
I 3 Iceland / Indonesia / Ireland
96%
N 2 Nauru / New Zealand
95%
V 1 Vanuatu
95%
A 1 Antigua and Barbuda
94%
D 2 Dominica / Dominican Republic
94%
F 1 Fiji
94%
H 1 Haiti
94%
K 1 Kiribati
90%
G 1 Grenada
86%
U 1 United Kingdom
78%
E 1 East Timor
72%
No matching quizzes found
Score Distribution
Percent of People with Each Score
Percentile by Number Answered
Your Score History
You have not taken this quiz